| 000 | 00639nam a2200169 4500 | ||
|---|---|---|---|
| 001 | 144651 | ||
| 003 | ES-MaACL | ||
| 005 | 20230906201052.0 | ||
| 007 | t| | ||
| 008 | 070214s1977 sp r ||||1| spa d | ||
| 111 | 2 |
_aReunión de Amigos de la Ciudad Católica ( _n14ª. _d1975. _cSanta Pola, Alicante) _9135192 |
|
| 245 | 1 | 3 |
_aLa sociedad a la deriva _b: raíces de sus errores : actas de la XIV Reunión de Amigos de la Ciudad Católica, Santa Pola 6, 7 y 8 de diciembre de 1975. |
| 260 |
_aMadrid : _bSpeiro, _c1977. |
||
| 300 |
_a237 p. ; _c21 cm. |
||
| 650 | 0 | 4 |
_aValores sociales- _yS.XX. _917735 |
| 852 |
_aES-MaACL _jA-6528 _bR.95686 |
||
| 999 |
_c144651 _d144651 |
||